000 00309nam a22001337a 4500
008 170327b xxu||||| |||| 00| 0 eng d
020 _a9780721697758
041 _aeng
080 _a615.83
100 _a8
101 _ashm
245 _aPHYSICAL EXAMINATION & HEALTH ASSESSMENT
_cJARVIS, C
942 _2udc
_cBK
999 _c8715
_d8715